000 00341pam a2200145a 44500
008 230405s1967 xxu||||| |||| 00| 0 eng d
041 _aENG
245 _aAll India Reporter
260 _aPune
_bHind Law House
_c1967
300 _a184p.
440 _aHind Law House
650 _aALL INDIA REPORTER
690 _aREPORTS
906 _a3926
999 _c875537
_d875537